| 000 | 01065nab a2200313 a 4500 | ||
|---|---|---|---|
| 001 | 95605 | ||
| 003 | FlNmELB | ||
| 005 | 20241217172517.0 | ||
| 006 | m o d | | ||
| 007 | cr cn||||||||| | ||
| 008 | 201201r2010 ve |||||s|||||||||||spa d | ||
| 022 | _a1690-7515 | ||
| 035 | _a(OCoLC)955456243 | ||
| 040 |
_aFlNmELB _bspa _cFlNmELB |
||
| 050 | 4 |
_aQA76 _bC1469 2010 |
|
| 080 | _a004 | ||
| 082 | 0 | 4 |
_a004 _222 |
| 100 | 1 | _aCaldevilla, David. | |
| 245 | 1 | 0 |
_aCreación artística 2.0 _h[recurso electronico] _cDavid Caldevilla. |
| 260 |
_aZulia : _bUniversidad de Zulia, _c2010. |
||
| 300 | _a27-43 pp. | ||
| 310 | _aCuatrimestral | ||
| 533 | _aRecurso electrónico. Santa Fe, Arg.: e-libro, 2015. Disponible vía World Wide Web. El acceso puede estar limitado para las bibliotecas afiliadas a e-libro. | ||
| 650 | 4 |
_aComputers. _xArtificial intelligence. |
|
| 650 | 4 |
_aComputadoras. _xInteligencia artificial. |
|
| 655 | 4 | _aArtículos electrónicos. | |
| 710 | 2 | _ae-libro, Corp. | |
| 856 | 4 | 0 | _uhttps://elibro.net/ereader/politecnicointernacional/98548 |
| 999 |
_c95605 _d95605 |
||